000 01723nam a22003135a 4500
003 OSt
005 20180110110558.0
008 180110s1995 ku frb 000 0 ara d
040 _aEG-ScBUE
_bara
_cEG-ScBUE
041 1 _aara
_heng
043 _an-us---
_aa-ja---
082 0 4 _a337.73052
_bث ا ر
_222
100 1 _aثارو، لستر.
240 1 0 _aHead to Head : the coming economic battle among Japan, Europe, and America.
_lArabic
245 1 2 _aالصراع على القمة :
_bمستقبل المنافسة الاقتصادية بين أمريكا واليابان /
_cتأليف لستر ثارو ؛ ترجمة أحمد فؤاد بلبع.
260 _aالصفاة، الكويت :
_bالمجلس الوطني للثقافة والفنون والآداب،
_c1995.
300 _a382 ص. ؛
_c24 سم.
490 0 _aعالم المعرفة ؛
_v204
500 _aصدرت الطبعة الأصلية باللغة الإنجليزية بعنوان "Head to Head : the coming economic battle among Japan, Europe, America" عام 1993 في لندن.
504 _aيشتمل على إرجاعات الببليوجرافية.
546 _aالنص باللغة العربية ؛ مترجم من اللغة الإنجليزية.
650 7 _aالمنافسة الاقتصادية.
_2BUEsh
650 7 _aالاقتصاد الدولي.
_2BUEsh
651 7 _aالولايات المتحدة الأمريكية
_xعلاقات اقتصادية
_zاليابان.
_2BUEsh
651 7 _aاليابان
_xعلاقات اقتصادية
_zالولايات المتحدة الأمريكية.
_2BUEsh
653 _bBUSECO
_bGGEN
_cJanuary2018
700 1 _aبلبع، أحمد فؤاد،
_eمترجم.
_931517
942 _2ddc
999 _c25923
_d25895